Statistics for Snow On The Beach lyrics

Click here to take the quiz!

General Stats

  • This quiz has been taken 59 times
  • The average score is 277 of 322

Answer Stats

Lyrics% Correct
a
100%
be
100%
beach
100%
beach?
100%
on
100%
snow
100%
the
100%
fucking
97%
I
97%
it?
97%
it
97%
it's
97%
we
97%
beautiful
94%
but
94%
But
94%
like
94%
Like
94%
me
94%
You
94%
you
94%
And
91%
at
91%
do,
91%
I'm
91%
to
91%
all
88%
by
88%
in
88%
is
88%
this
88%
This
88%
Weird
88%
Weird,
88%
down,
85%
down
85%
feels
85%
impossible
85%
My
85%
my
85%
so
85%
around
82%
Can
82%
comin'
82%
falling
82%
for
82%
from
82%
No
82%
no
82%
Stars
82%
stars
82%
tonight
82%
are
79%
Are
79%
can't
79%
dream,
79%
dream
79%
never
79%
night
79%
One
79%
real
79%
wanting
79%
Flying
76%
flying
76%
just
76%
Now
76%
pocketful
76%
saw
76%
ago,
74%
been
74%
I've
74%
Janet
74%
of
74%
sound,
74%
time
74%
true
74%
was
74%
what
74%
your
74%
another
71%
coming
71%
few
71%
have
71%
Life
71%
moons
71%
passing
71%
planet
71%
thanks
71%
thing?
71%
within
71%
asking
68%
"aurora
68%
could've
68%
did
68%
eyes
68%
once
68%
scene
68%
screen
68%
searched
68%
seen
68%
smile
68%
someone
68%
that
68%
'til
68%
won
68%
would
68%
awful,
65%
borealis
65%
contest
65%
dishonest
65%
don't
65%
fake
65%
flight
65%
lit
65%
make
65%
might
65%
unbeknownst
65%
abusive
62%
emotionally
62%
even
62%
flecks
62%
hide
62%
out
62%
quite
62%
saucers
62%
stop
62%
dare
59%
fine
59%
green"
59%
lights
59%
afraid
56%
jinx
56%
unglued,
56%
Blurring
53%
periphery
53%
speak,
53%
wish
53%

Score Distribution

Percentile by Number Answered

Percent of People with Each Score

Your Score History

You have not taken this quiz